Forfeiture law set for reform (Record no. 116963)
[ view plain ]
| 000 -LEADER | |
|---|---|
| fixed length control field | 01171cam a2200253 4500 |
| 001 - CONTROL NUMBER | |
| control field | WB4004-08 |
| 008 - FIXED-LENGTH DATA ELEMENTS--GENERAL INFORMATION | |
| fixed length control field | 040127n2004 000 0 eng u |
| 035 ## - SYSTEM CONTROL NUMBER | |
| System control number | (Sirsi) u124917 |
| 245 ## - TITLE STATEMENT | |
| Title | Forfeiture law set for reform |
| 254 ## - MUSICAL PRESENTATION STATEMENT | |
| Musical presentation statement | Forfeiture law set for reform |
| 260 ## - PUBLICATION, DISTRIBUTION, ETC. | |
| Date of publication, distribution, etc. | 2004 |
| 490 ## - SERIES STATEMENT | |
| Series statement | Inside Housing |
| Volume/sequential designation | 21(3) 23 January 2004,6(1) |
| 520 ## - SUMMARY, ETC. | |
| Summary, etc. | The Law Commission has published a consultation paper "Termination of tenancies for tenant default" setting out proposals to replace the current law of forfeiture of residential tenancies with a statutory scheme. The proposals apply to tenancies of 21 years or more and include the recommendation that if the tenant defaults on the terms of a tenancy, the tenancy can only be ended by a 'termination order' in the courts. An executive summary and full paper are available at http://www.lawcom.gov.uk/190.htm#cp174. |
| 590 ## - LOCAL NOTE (RLIN) | |
| Local note | WB |
| 590 ## - LOCAL NOTE (RLIN) | |
| Local note | WB |
| 650 ## - SUBJECT ADDED ENTRY--TOPICAL TERM | |
| Topical term or geographic name entry element | FORFEITURE |
| 650 ## - SUBJECT ADDED ENTRY--TOPICAL TERM | |
| Topical term or geographic name entry element | RESIDENTIAL LEASES |
| 650 ## - SUBJECT ADDED ENTRY--TOPICAL TERM | |
| Topical term or geographic name entry element | TENANCIES |
| 650 ## - SUBJECT ADDED ENTRY--TOPICAL TERM | |
| Topical term or geographic name entry element | PRE-ACTION NOTICES |
| 650 ## - SUBJECT ADDED ENTRY--TOPICAL TERM | |
| Topical term or geographic name entry element | TENANT DEFAULT |
| 650 ## - SUBJECT ADDED ENTRY--TOPICAL TERM | |
| Topical term or geographic name entry element | TENANCY TERMINATION |
| 690 ## - LOCAL SUBJECT ADDED ENTRY--TOPICAL TERM (OCLC, RLIN) | |
| Topical term or geographic name as entry element | LANDLORD AND TENANT-RESIDENTIAL TENANCIES |
| 942 ## - ADDED ENTRY ELEMENTS (KOHA) | |
| Suppress in OPAC | 0 |
| Withdrawn status | Lost status | Source of classification or shelving scheme | Damaged status | Not for loan | Home library | Current library | Shelving location | Date acquired | Total Checkouts | Full call number | Barcode | Date last seen | Copy number | Price effective from | Koha item type |
|---|---|---|---|---|---|---|---|---|---|---|---|---|---|---|---|
| Dewey Decimal Classification | London | London | News article | 27/01/2004 | WB4004-08 | 124917-1001 | 06/08/2019 | 1 | 06/08/2019 | News article |